| 000 | 01120cam a2200241 a 4500 | ||
|---|---|---|---|
| 020 | _a0471923958 : | ||
| 040 | _cDLC | ||
| 082 | 0 | 0 | _a574 WIL 1990 A029 Or. |
| 245 | 1 | 0 |
_aSoils and the greenhouse effect : _bthe present status and future trends concerning the effect of soils and their cover on the fluxes of greenhouse gases, the surface energy balance, and the water balance : proceedings of the International Conference Soils and the Greenhouse Effect / |
| 260 |
_aChichester ; _aNew York : _bWiley, _cc1990. |
||
| 300 |
_axviii, 575 p. : _bill. ; _c24 cm. |
||
| 500 | _a"Sponsored by the Commission of the European Communities (CEC), the United Nations Environment Programme (UNEP)." | ||
| 500 | _aConference held Aug. 14-18, 1989, Wageningen, Netherlands. | ||
| 650 | 0 | _aSoils and climate | |
| 650 | 0 | _aGreenhouse effect, Atmospheric | |
| 650 | 0 | _aSoil ecology | |
| 700 | 1 | _aBouwman, A. F. | |
| 710 | 2 | _aInternational Soil Reference and Information Centre. | |
| 710 | 1 | _aNetherlands. | |
| 710 | 2 | _aCommission of the European Communities. | |
| 710 | 2 | _aUnited Nations Environment Programme. | |
| 942 | _cEK | ||
| 999 |
_c11393 _d11393 |
||